| 000 | 00689nam a22002177a 4500 | ||
|---|---|---|---|
| 999 |
_c21090 _d21090 |
||
| 003 | AR-CdUCM | ||
| 008 | 190319b ||||| |||| 00| 0 eng d | ||
| 040 |
_aMUNICIPALIDAD PROVINCIAL DEL CUSCO _cBIBLIOTECA MUNICIPAL DEL CUSCO |
||
| 082 |
_a722 / _bG82 |
||
| 100 |
_aGrodeck, Lovis _943951 |
||
| 245 | _aChartres / | ||
| 260 |
_aParis : _bDraeger et verve Editeurs, _c1963. |
||
| 300 |
_a206 páginas ; _bIlustraciones en color y b/n. _c37 cm. |
||
| 505 | _aContenido : Historia de la catedral de Chartres. | ||
| 650 |
_aHistoria del Arte _91647 |
||
| 650 |
_aPintura _93081 |
||
| 650 |
_aArquitectura _93356 |
||
| 650 |
_aArte gótico _919047 |
||
| 942 |
_2ddc _cLIBROS |
||
| 945 | _arcc | ||